00182nam a2200073Ia 4500008004100000050002300041100002200064245002200086230915s9999 xx 000 0 und d aQD 251.3 .C37 2003 aCAREY, FRANCIS A. 0aORGANIC CHEMISTRY